000
00294nam a22001337a 4500
008
180202b xxu||||| |||| 00| 0 eng d
020
_a
9780683401912
041
_a
eng
080
_a
616
100
_a
9
101
_a
PAT
245
_a
Pathology& lab medicine
_c
Randolph,E.B
942
_2
udc
_c
BK
999
_c
41589
_d
41589